World Capitals Inside Triangles - Statistics

General Stats
  • This quiz has been taken 395 times
  • The average score is 12 of 20
Answer Stats
hint capital % Correct
Hong Kong, Manila, Tokyo Taipei
88%
Paris, Liechtenstein, Florence Berne
86%
Mexico City, Madrid, Ottawa Washington
86%
Kuala Lumpur, Jakarta, Brunei Singapore
84%
Santiago, Brasilia, Buenos Aires Asunción
83%
Cairo, Ankara, Sicily Athens
79%
Kuwait, Mecca, Oman Riyadh
78%
Moscow, Minsk, Ankara Kiev
77%
Quito, Cape Town, Caracas Brasília
72%
Papua New Guinea, New Caledonia, South Pole Canberra
67%
Perth (Australia), Port Moresby, Jakarta Dili
67%
Crete, Tunis, Niger Tripoli
60%
Vanuatu, Tuvalu, Tonga Suva
52%
Hanoi, Ho Chi Minh City, Bangkok Phnom Penh
45%
Paris, Tokyo, Anchorage Oslo
41%
Los Angeles, Guatemala City, Hawaii Mexico City
37%
Miami, Managua, Haiti Kingston
31%
Beijing, Mt Everest, Denali/Mt McKinley Ulaanbaatar
30%
Perth (Scotland), Moscow, Copenhagen Riga
22%
Newfoundland, Malaga, Suriname Lisbon
20%
No matching quizzes found
Score Distribution
Percent of People with Each Score
Percentile by Number Answered
Your Score History
You have not taken this quiz